Thinking about evolution : Historical, philosophical, and political perspective

Bewaard in:
Bibliografische gegevens
Formaat: Boek
Taal:Undetermined
Gepubliceerd in: Cambridge, UK Cambridge Univ. Press 2001
Onderwerpen:
Tags: Voeg label toe
Geen labels, Wees de eerste die dit record labelt!
Thư viện lưu trữ: Trung tâm Học liệu Trường Đại học Cần Thơ
LEADER 00568nam a2200193Ia 4500
001 CTU_74637
008 210402s9999 xx 000 0 und d
020 |b 1042000 
082 |a 576.8 
082 |b T444/Vol.2 
245 0 |a Thinking about evolution : 
245 0 |b Historical, philosophical, and political perspective 
245 0 |c Edited by Rama S. Singh ... [et al.] 
260 |a Cambridge, UK 
260 |b Cambridge Univ. Press 
260 |c 2001 
650 |a Evolution (biology) 
904 |i Minh 
980 |a Trung tâm Học liệu Trường Đại học Cần Thơ